00738nam a22002057a 450000500170000001000150001702000260003203500130005803700130007108200120008410000290009624500830012526000400020827000650024830000220031365000170033594200260035299900170037895201370039520100819153320.0 aENG-100962 a9788190909228c100.00 aEN-84495 bDBAD/PUB a301.412 aJoseph, Mary Anne915288 aPerception of womanhood in somerset maugham's creations /cby Mary Anne Joseph aChennaibDuvaraga Publicationc2009 a1, Valli Street, Karthikeyan Nagar, MaduravayalbChennaie95 a104p.c20cm (pbk) aWomen915289 2ddccENh301.412mJOS c42592d42592 001040718NFICaDBADbDBADd2010-08-19eDBAD/PUBg100.00l0o301.412 JOSpEN-84495r2010-08-19 00:00:00t1v100.00w2010-08-19yEN